Afghanistan Ethnic Groups Quiz Stats

Quiz not verified by Sporcle

Challenge
Share
Tweet
Image and video hosting by TinyPic
Score 0/8 Timer 03:00
0 Plays Today
Color Ethnic group % Correct
BrownPashtun
93.9%
GreenTajik
89.4%
RedUzbek
85%
OrangeTurkmen
75.6%
YellowHazara
66.7%
GrayBaloch
55%
BlueNuristani
34.5%
PurplePashai
16.7%

You're not logged in!

Compare scores with friends on all Sporcle quizzes.
Join for Free
OR
Log In

You Might Also Like...

Show Comments

Extras

Top Quizzes Today


Score Distribution

Your Account Isn't Verified!

In order to create a playlist on Sporcle, you need to verify the email address you used during registration. Go to your Sporcle Settings to finish the process.

Report this User

Report this user for behavior that violates our Community Guidelines.

Details: